PIPA (Record no. 697)

MARC details
000 -LEADER
campo de control de longitud fija 01437nam a22001337a 4500
008 - DATOS DE LONGITUD FIJA--INFORMACIÓN GENERAL
campo de control de longitud fija 150612b xxu||||| |||| 00| 0 eng d
082 ## - NÚMERO DE LA CLASIFICACIÓN DECIMAL DEWEY
Número de clasificación 708
Número de ítem P 664p
110 ## - ENTRADA PRINCIPAL--NOMBRE DE ENTIDAD CORPORATIVA
Nombre de entidad corporativa o nombre de jurisdicción como elemento de entrada Instituto IP Capital Partners
9 (RLIN) 3132
245 ## - MENCIÓN DEL TÍTULO
Título PIPA
Resto del título Premio IP Capital Partners de Arte
260 ## - PUBLICACIÓN, DISTRIBUCIÓN, ETC.
Lugar de publicación, distribución, etc. Brasil
Nombre del editor, distribuidor, etc. IIP
Fecha de publicación, distribución, etc. 2014
300 ## - DESCRIPCIÓN FÍSICA
Extensión 191 p.
Otras características físicas ill. (col)
Dimensiones 25 cm
500 ## - NOTA GENERAL
Nota general Adriano Motta/Alexandre Brandao/Alexandre Mazza/Alexandre Vogler/Alice Miceli/Aline Dias/Ana Mazzei/Ana Paula Oliveira/Andre Griffo/Andre Santangelo/Arjan Martins/Armando Queiroz/Arthur Scovino/Berna Reale/Beto Shwafaty/Bruno Schultze/Cao Guimaraes/Carla Zaccagnini/Clara Ianni/Cristián Silva-Avaria/Daniel de Paula/Daniel Escobar/Daniel Steegmann Mangrane/Diego de Santos/Eduardo Berliner/Eneida Sanches/Fabia Schnoor/Felipe Prando/Fernanda Quindere/Fernando Mendonca/Gisele Camargo/Ivan Grilo/Laura Vinci/Layla Motta/Lourival Cuquinha/Luiz Roque/Mayana Redin/Maikel da Maia/Marcelo Jácome/Marcone Moreira/Marina Rheingantz/Marina Weffort/Maurício Ianes/Otavio Schipper/Pablo Ferretti/Paulo Nimer Pjot/Renato Pera/Roberto Winter/Rodrigo Bivar/Rodrigo Braga/Rodrigo Cunha/Ronald Duarte/Runo Lagomarsino/Sofia Borges/Tamar Guimarães/Tamara Andrade/Thiago Martins de Melo/Toz/Vanderlei Lopes/Virgílio Neto/Virginia de Medeiros/Vivian Caccuri/Wagner Malta Tavares/Waleska Reuter/Willian Santos/Yana Tamayo/Zezão
650 ## - PUNTO DE ACCESO ADICIONAL DE MATERIA--TÉRMINO DE MATERIA
Subdivisión general Bienal
-- Arte Brasil
-- PIPA
-- Museo de Arte Moderno.
9 (RLIN) 3133
Subdivisión geográfica Rio de Janeiro
Holdings
Estatus retirado Estado de pérdida Fuente del sistema de clasificación o colocación Estado de daño No para préstamo Biblioteca de origen Biblioteca actual Ubicación en estantería Fecha de adquisición Total de préstamos Signatura topográfica completa Código de barras Visto por última vez Precio de reemplazo Tipo de ítem Koha
    Clasificación Decimal Dewey     Biblioteca LadoV Biblioteca LadoV   12/06/2015   708 P 664p 004051 12/06/2015 12/06/2015 Material 01